台湾行政区划 (简体中文) - Statistics

General Stats
  • This quiz has been taken 150 times
  • The average score is 16 of 22
Answers on the Map
Answers color-coded by a green-red scale on the quiz's map according to % correct below.
 
Answer Stats
Odpowiedź % Correct
台北
100%
台南
97%
高雄
93%
台中
93%
新北
90%
基隆
88%
桃园
78%
新竹
76%
嘉义
74%
花莲县
71%
金门县
70%
澎湖县
70%
台东县
66%
屏东县
62%
嘉义县
60%
南投县
58%
苗栗县
54%
连江县
53%
宜兰县
52%
彰化县
52%
新竹县
51%
云林县
50%
No matching quizzes found
Score Distribution
Percent of People with Each Score
Percentile by Number Answered
Your Score History
You have not taken this quiz